Countries neighboring Countries bordering Russia - Statistics

General Stats
  • This quiz has been taken 21 times
  • The average score is 21 of 23
Answer Stats
Country % Correct
India
100%
Romania
100%
South Korea
100%
Sweden
100%
Turkey
100%
Afghanistan
94%
Bhutan
94%
Iran
94%
Kyrgyzstan
94%
Laos
94%
Moldova
94%
Tajikistan
94%
Vietnam
94%
Hungary
89%
Myanmar
89%
Nepal
89%
Slovakia
89%
Turkmenistan
89%
Armenia
83%
Czech Republic
83%
Germany
83%
Pakistan
83%
Uzbekistan
83%
No matching quizzes found
Score Distribution
Percent of People with Each Score
Percentile by Number Answered
Your Score History
You have not taken this quiz